El vergonzoso en palacio
Tallennettuna:
| Päätekijä: | |
|---|---|
| Aineistotyyppi: | Kirja |
| Kieli: | Undetermined |
| Julkaistu: |
Santiago, Chile
Zig-zag
1956
|
| Aiheet: | |
| Tagit: |
Lisää tagi
Ei tageja, Lisää ensimmäinen tagi!
|
MARC
| LEADER | 00000nam a2200000Ia 4500 | ||
|---|---|---|---|
| 008 | 170316s9999 xx 000 0 und d | ||
| 040 | |a cru BVZT | ||
| 090 | |a 862 M-45v | ||
| 100 | |a Molina, Tirso de | ||
| 245 | |a El vergonzoso en palacio | ||
| 260 | |a Santiago, Chile | ||
| 260 | |b Zig-zag | ||
| 260 | |c 1956 | ||
| 300 | |a 187 páginas | ||
| 650 | |a LITERATURA ESPAÑOLA | ||
| 999 | |c 10179 |d 10179 | ||
| 942 | |c 15 D |h 862 M-45v |2 z | ||
